00374nam a22001217a 4500008004100000082001700041100001600058245009800074260003300172300000900205440002200214700001600236230621b xxu||||| |||| 00| 0 eng d a328.052bJLS cKatrin Auel aThe Journal of the legislative studiesbSpecial Issue The European of Parliamentary Democracy bTaylor & Francis Groupc2005 a528p n3/4v11x13572334 cArthur Benz